000 00387nam a2200169Ia 4500
008 170705s9999 xx 000 0 und d
020 _a9780590130660
245 4 _aThe grouchy ladybug /
245 _cEric Carle.
260 _aNew York :
260 _bScholastic,
260 _c1977
300 _aunpaged :
300 _bcolor illustration ;
300 _c26cm.
500 _a560
999 _c336927
_d336927